LEADER 01307nam a2200301 i 4500 001 000000159502 003 CaOOAMICUS 005 20070313000000.0 008 070313s2006 it u000 u ita u 013 $a136865 020 $a88-315-3120-4 040 $aSeMil$bita 100 1 $aLa Fede, Paola.$0(OLS)http://semarc/name/41856 245 10$aIcone sulla vita di Gesů Cristo per la nuova evangelizzazione /$cPaola e David La Fede - Gianfranco Lazzaroni. 260 $a[Italia] :$bPaoline,$c2006. 300 $a249 p. :$briccamente ill. ;$c30 cm. 490 0 $aImmagini e parole ;$v11 500 $aContiene : Bibliografia essenziale. - Dono del Card. Dionigi Tettamanzi. 700 1 $aLazzaroni, Gianfranco.$0(OLS)http://semarc/name/41858 700 1 $aLa Fede, David.$0(OLS)http://semarc/name/41857 830 0$aImmagini e parole ;$v11.$0(OLS)http://semarc/title/22420 850 $aSeMil 852 $aSeMil$W1$xVenegono$y1$m5T XI 10$j111059$B111059$CSeMilBibl$Z2$F122014 $8I 941 1 $a5 961 $aOmaggio: Tettamanzi Card. Dionigi 996 $6020$a88-315-3120-4$9(OLS)http://semarc/number/75120 996 $6245$aIcone sulla vita di Gesů Cristo per la nuova evangelizzazione$9(OLS)http://semarc/title/141569 996 $6260$a[Italia] :$bPaoline$9(OLS)http://semarc/publisher/31241 LEADER 01018nam a2200217 i 4500 001 000000046644 003 CaOOAMICUS 005 20120221000000.0 008 120221s1932 xx u000 u fre u 013 $a17814 040 $aSeMil$bita 100 1 $aVonier, Ansgar,$c.$0(OLS)http://semarc/name/90392 245 13$aLa Nouvelle et Éternelle Alliance :$bles éléments permanemts du Catholicisme /$cDom Anschaire Vonier ; traduit de l'anglais par M. le chanoine L. Lainé. 260 $aSaint-Brieuc :$bA. Preud'Homme,$c1932. 300 $aVI, 264 p. ;$c20 cm. 650 4$aCattolicesimo.$0(OLS)http://semarc/subject/2438 700 1 $aLainé, Louis.$0(OLS)http://semarc/name/23191 850 $aSeMil 852 $aSeMil$W1$xVenegono$y1$m2C II 155$j12799$B12799$CSeMilBibl$Z2$F12799 $81 996 $6245$aLa Nouvelle et Éternelle Alliance :$bles éléments permanemts du Catholicisme$9(OLS)http://semarc/title/69830 996 $6260$aSaint-Brieuc :$bA. Preud'Homme$9(OLS)http://semarc/publisher/40813